| 000 | 00986nam a2200253Ia 4500 | ||
|---|---|---|---|
| 003 | PE SENCICO BE | ||
| 005 | 20251020182544.0 | ||
| 008 | 200515s9999 xx 000 0 und d | ||
| 020 | _a978-84-158298-35-50 | ||
| 040 |
_aPE SENCICO BE _cPE SENCICO BE |
||
| 041 | _aeng | ||
| 082 |
_a749 _bI5 |
||
| 110 | 1 |
_9238 _aInstituto Monsa de Ediciones |
|
| 245 | 1 | 0 |
_aRetro furniture inspired / _cInstituto Monsa de Ediciones |
| 260 |
_aBarcelona: _bMonsa, _c2013 |
||
| 300 |
_a190 p. : _bil. col., fotog. ; _c26 cm. |
||
| 500 | _aTexto en inglés. | ||
| 520 | _aDescribe el mueble clásico contemporáneo buscando preservar el estilo, la gracia, la armonía y la belleza que los caracteriza con los mismos principios y cuidados de entonces pero añadiendo mejoras técnicas. | ||
| 650 | 1 | 0 |
_aMuebles _9239 |
| 650 | 2 | 0 |
_aMuebles _xESTILOS _9239 |
| 650 | 2 | 0 |
_aMuebles clásicos _9240 |
| 700 | 1 |
_9193 _aMinguet, José María _eeditor |
|
| 942 |
_cLIB _2ddc _h749 _iI5 |
||
| 999 |
_c2513 _d2513 |
||